Soviet and Eastern European foreign trade <a> journal of translations
Salvato in:
| Natura: | Periodico |
|---|---|
| Lingua: | inglese |
| Pubblicazione: |
White Plains
Sharpe
1978/1979
|
| Tags: |
Nessun Tag, puoi essere il primo ad aggiungerne!!
|
MARC
| LEADER | 00000nas2a2200000$$$4500 | ||
|---|---|---|---|
| 001 | 0020685 | ||
| 005 | 20250730114408.7 | ||
| 041 | 0 | |a eng | |
| 044 | |a GB | ||
| 245 | 1 | 0 | |a Soviet and Eastern European foreign trade |b <a> journal of translations |
| 264 | 1 | |a White Plains |b Sharpe |c 1978/1979 | |
| 300 | |a 1 zv. | ||
| 773 | 0 | |w eu_un_cat*0020682 | |